[Event "DEN-ch"]
[Site "Aalborg"]
[Date "2000.04.23"]
[Round "8"]
[White "Berg, Klaus"]
[Black "Mortensen, Erling"]
[Result "0-1"]
[WhiteElo "2419"]
[BlackElo "2447"]
[Annotator "Finkel,A"]
[PlyCount "80"]
[EventDate "2000.04.15"]
[EventType "tourn"]
[EventRounds "9"]
[EventCountry "DEN"]
[EventCategory "11"]
[SourceTitle "CBM 077"]
[Source "ChessBase"]
[SourceDate "2000.07.27"]
[SourceVersion "1"]
[SourceVersionDate "2000.07.27"]
[SourceQuality "1"]

1. d4 Nf6 2. Bg5 Ne4 3. Bf4 c5 4. f3 Nf6 5. dxc5 Qa5+ 6. Nc3 Qxc5 7. e4 d6 8.
Qd2 a6 9. O-O-O {The arising position reminds sicilian defense and the plans
of the both sides should be similiar to this opening.} (9. Nge2 Nbd7 10. Be3
Qc7 11. Nd5 Nxd5 12. exd5 $14 {Ionov,S-Umanskaya,I/St.Petersburg op 1994}) (9.
Be3 Qc7 10. Na4 Nbd7 11. c4 e6 12. Rc1 Be7 13. Nh3 b6 14. Be2 Bb7 $132 {
Kristensen,B-Mortensen,E/DEN-chT9596}) 9... Nbd7 (9... e5 10. Be3 Qc7 11. g4 h6
12. h4 Be6 13. Bh3 Nc6 14. g5 $14 {Landenbergue,C-Walther,E/SWZ-ch 1993}) 10.
Nh3 (10. Nge2 b5 11. Nd4 Bb7 12. Kb1 Rc8 13. a3 g6 14. Be3 Qc7 15. Be2 h5 $13 {
Landenbergue,C-Cebalo,M/Geneva op 1996}) 10... e5 $5 {Responsible move,but it
seems that black manages to get after it quiet comfortable play.} (10... b5 $5
11. Nf2 Bb7 12. Nd3 Qc7 13. g4 Rc8 14. h4 e5 15. Bh2 Nb6 $132 {Hodgson,
J-Vyzmanavin,A/Zaragoza op 1993}) 11. Be3 Qc7 12. Nf2 (12. g4 $5) 12... Nb6 13.
g4 Be6 14. Bxb6 $6 {I don't like this move.The darksquared bishop is too
important in this position!} (14. g5 Nh5 15. Nd5 Nxd5 (15... Bxd5 16. exd5 Be7
17. Ne4 f5 18. gxf6 Nxf6 19. Nxf6+ Bxf6 20. Qd3 $14) 16. exd5 Bd7 17. Ne4 Be7
18. h4 f5 19. gxf6 Nxf6 20. Bh3 $14) 14... Qxb6 15. g5 Nh5 {[%csl Rf4]} 16. Bh3
Nf4 17. Bg4 (17. Bxe6 fxe6 18. Nd3 Nxd3+ 19. Qxd3 (19. cxd3 $6 Be7 20. f4 $2
exf4 21. Qxf4 Rf8 22. Qg3 Rf2 $17 {[%csl Rb2]}) 19... Be7 20. h4 Qc6 $1 $15 (
20... O-O $6 21. Qc4 $1 Qe3+ 22. Kb1 Qxf3 23. Qxe6+ Qf7 24. Qd5 $14)) 17... Be7
18. h4 h6 19. gxh6 Rxh6 20. Bxe6 fxe6 $1 {[%csl Gd5,Gf5]} 21. Ng4 Rh8 22. Kb1
O-O-O {[%cal Gc8b8,Gc8c4,Gh8c8,Gd8c8]} 23. Ne3 $6 {Better was} (23. Ne2 $5 Nxe2
(23... Rxh4 24. Nxf4 Rxh1 25. Rxh1 exf4 26. Qxf4 Rf8 27. Qg3 $11) (23... Rdf8
$2 24. Nxf4 Rxf4 25. Nxe5 $1 $16) 24. Qxe2 Qc7 25. h5 Bg5 26. Rd3 $13 {with
good chanses.}) 23... Kb8 $15 24. Rdg1 Bf6 25. Qe1 (25. Ne2 d5 $36) 25... Rc8
26. Ng4 Be7 27. Qe3 Qc7 {[%csl Rh4]} 28. Qf2 d5 $1 $17 {After this stronng
move white's position falls into pieces.} 29. exd5 $2 (29. Rc1 $1 Bc5 30. Qf1
Bd4 31. Ne2 Nxe2 32. Qxe2 Qb6 $40) 29... Bc5 30. Ne3 exd5 31. Na4 (31. Ncd1 d4
32. Ng4 d3 33. Nde3 Ne2 $1 34. cxd3 (34. Rf1 Bxe3 35. Nxe3 dxc2+ $19) 34...
Nxg1 35. Qxg1 Qd6 $19) 31... Bxe3 32. Qxe3 Qxc2+ $19 {[%cal Gc2a4,Gc2b1]} 33.
Ka1 Qxa4 34. Qxe5+ Ka8 35. Rg4 Nd3 $5 36. Qxg7 Nb4 37. a3 Nc2+ 38. Ka2 d4 39.
Qf7 Rhf8 40. Qe6 Rfe8 0-1

[Event "ISR-chT"]
[Site "Ramat Aviv"]
[Date "2000.03.03"]
[Round "4.3"]
[White "Rabinovich, Alexander"]
[Black "Yudasin, Leonid"]
[Result "1/2-1/2"]
[WhiteElo "2406"]
[BlackElo "2565"]
[Annotator "Finkel,A"]
[PlyCount "68"]
[EventDate "2000.01.14"]
[EventType "team"]
[EventRounds "11"]
[EventCountry "ISR"]
[SourceTitle "CBM 077"]
[Source "ChessBase"]
[SourceDate "2000.07.27"]
[SourceVersion "1"]
[SourceVersionDate "2000.07.27"]
[SourceQuality "1"]
[WhiteTeam "Kfar Saba"]
[BlackTeam "Petah Tikva Elitzur"]
[WhiteTeamCountry "ISR"]
[BlackTeamCountry "ISR"]

1. d4 Nf6 2. Bg5 Ne4 3. Bf4 c5 4. d5 Qb6 5. Bc1 d6 ({Interesting idea was
tried in the following game:} 5... g6 $5 6. f3 Nd6 7. e4 Bg7 8. c3 O-O 9. Na3
f5 $5 10. exf5 Nxf5 11. Qb3 Qf6 $132 {Miltner,A-Lanka,Z/BL9697}) 6. f3 Nf6 7.
c4 g6 8. Nc3 Bg7 9. e4 O-O 10. Nge2 (10. Bd3 e6 (10... a6 11. Nge2 Qc7 12. a4
e5 13. O-O Ne8 14. f4 exf4 15. Bxf4 Nd7 16. Ng3 Ne5 17. Be2 $14 {Kohout,
V-Jelinek,M/CZE-chT1b 9697}) 11. dxe6 fxe6 12. Nge2 Nc6 13. Rb1 a6 14. Be3 Qc7
15. O-O b6 16. Kh1 Bb7 $132 {Vatter,H-Lingnau,C/BL9394}) 10... e6 11. Nf4 {
If white intends to take on d5 with e-pawn then the knight is better placed on
f4.} (11. Ng3 exd5 12. cxd5 $5 Nbd7 13. Be2 h5 14. a4 a6 15. a5 Qc7 16. O-O Re8
17. Rf2 Rb8 $132 {Hodgson,J-Gallagher,J/Bern Cup 1996}) 11... exd5 12. exd5 (
12. Nfxd5 Nxd5 13. Nxd5 Qa5+ 14. Bd2 Qd8 15. Rb1 f5 16. Bd3 Nc6 17. O-O $14)
12... Nbd7 13. Be2 Ne5 14. O-O Bd7 15. a4 $5 a6 (15... Rae8 16. g4 h5 17. h3
Bc8 18. Qc2 Qd8 $132) 16. g4 h6 17. Ng2 {[%cal Gh2h3,Gf3f4]} g5 $5 {Yudasin is
known for his incompromising style and also in this position he tries to find
a way to breakthrough.} 18. h4 Nh7 (18... Qb4 19. Ra3 $5 gxh4 $6 20. Nxh4 $16)
19. hxg5 (19. f4 $6 gxf4 20. Nxf4 Qd8 $1 {[%csl Rg4,Rh4]} 21. Ng2 f5 22. gxf5
Bxf5 $36) 19... hxg5 20. Ne4 f5 $1 (20... Ng6 $5 21. Rb1 Rae8 22. Nxg5 Nxg5 23.
Bxg5 Bxa4 24. b3 Bd7 25. Bd3 $13) 21. Nxg5 Nxg5 22. Bxg5 Qxb2 $6 ({Much better
was} 22... fxg4 $1 23. f4 (23. fxg4 Rxf1+ 24. Kxf1 Rf8+ 25. Kg1 Qxb2 26. Rb1
Qa2 $36 {[%csl Ra4,Rg4]}) 23... Nf3+ 24. Bxf3 gxf3 25. Qxf3 Qxb2 26. Rae1 Rae8
$15 {with complicated position.}) 23. Rb1 Qa2 24. Ra1 Qxa1 $2 {Looking for
troubles!} (24... Qb2 $11) 25. Qxa1 Nxf3+ 26. Bxf3 Bxa1 27. Rxa1 fxg4 28. Be2
$1 $16 (28. Be4 $6 Rae8 29. Bg6 Re2 30. Nf4 Re5 31. Bh6 Rf6 $15) 28... Rae8 29.
Bf1 Re4 30. a5 $1 Rd4 $6 31. Rb1 $6 (31. Be7 $18 {[%csl Rd6]}) 31... g3 32.
Rxb7 (32. Be7) 32... Bh3 33. Rb1 Rf2 34. Ne3 Bxf1 $18 {The draw agreement
seems strange to me,because white seems to have the decisive advantage:} (34...
Bxf1 35. Rxf1 Rxf1+ (35... Ra2 36. Rf3 Rdd2 37. Rxg3 Ra1+ 38. Nf1 $18) 36. Kxf1
Rd2 37. Bh4 $18) 1/2-1/2

[Event "FRA-chT Gp-A"]
[Site "France"]
[Date "2003.02.02"]
[Round "3.6"]
[White "Eliet, Nicolas"]
[Black "Hebden, Mark"]
[Result "0-1"]
[WhiteElo "2422"]
[BlackElo "2515"]
[Annotator "Finkel,A"]
[PlyCount "66"]
[EventDate "2003.01.31"]
[EventType "team"]
[EventRounds "7"]
[EventCountry "FRA"]
[SourceTitle "CBM 094"]
[Source "ChessBase"]
[SourceDate "2003.05.26"]
[SourceVersion "1"]
[SourceVersionDate "2003.05.26"]
[SourceQuality "1"]
[WhiteTeam "Gonfreville"]
[BlackTeam "Clichy"]
[WhiteTeamCountry "FRA"]
[BlackTeamCountry "FRA"]

1. d4 Nf6 2. Bg5 Ne4 3. Bh4 c6 4. c3 d5 (4... Qb6 5. Qc2 d5 6. f3 g5 (6... Nd6
7. e4 c5 8. Bf2 cxd4 9. cxd4 Nc6 10. Nc3 Qa5 11. a3 dxe4 12. fxe4 e5 13. Nf3
exd4 14. Nxd4 $14 {Aleksandrov,A-Malisauskas,V/Minsk 1994}) 7. fxe4 gxh4 8. Nd2
Bh6 9. Ngf3 dxe4 10. Nxe4 Bf5 11. Nxh4 Bxe4 12. Qxe4 Qxb2 13. Rb1 Qxc3+ 14. Kf2
$36 {Petrosian,G-Zernitsky,D/Leningrad 1974}) (4... Qa5 5. Qc2 d5 6. f3 Nd6 7.
Nd2 e5 $1 8. dxe5 Nf5 9. Bf2 Bc5 10. Bxc5 Qxc5 $44 {Sucher,J-Landenbergue,C/
Schaan 1999}) 5. f3 (5. e3 Bf5 6. f3 Nd6 7. Bd3 Qb6 8. b3 Nd7 9. Bf2 Bg6 10.
Ne2 e5 11. Bxg6 hxg6 12. Nd2 Be7 $11 {Biljanic,L-Bakic,R/Yugoslavia 1994}) 5...
Nd6 (5... Nf6 6. Nd2 Bf5 7. g4 Bg6 8. Nh3 Nbd7 (8... h6 9. Bg2 Nbd7 10. Bg3 Qb6
11. Qb3 e6 12. Nf4 Bh7 13. h4 e5 $5 $15 {Chepukaitis,G-Yuferov,S/St Petersburg
1996}) 9. Bg3 h6 10. Nf4 Bh7 11. h4 e5 12. dxe5 Nxe5 13. Qb3 Nfd7 $13 {
Chepukaitis,G-Yagubov,E/St Petersburg 1996}) 6. Nd2 Bf5 7. g4 {Starting
immediate actions on the kingside. The main drawback of this move is that
black gets his chance to disturb white on the kingside with h5.} (7. Qb3 Qc8 8.
e3 Nd7 9. g4 Bg6 10. Bg2 Nb6 11. Bf2 h5 12. g5 h4 13. h3 $14 {Valarezo Ricard,
P-Lazaro Porta,A/Spain 1999}) 7... Bg6 8. Nh3 Qb6 (8... Nd7 9. Bg3 h6 10. Nf4
Bh7 11. Bg2 e6 12. e4 Nb6 13. Qe2 Be7 14. O-O O-O 15. Nh5 Ndc4 $13 {
Chepukaitis,G-Shipov,S/St Petersburg 1994}) 9. Qb3 Nd7 10. Bg3 f6 {[%cal Ge7e5]
Preparing to push e5.} 11. Nf4 (11. Qxb6 axb6 12. Bxd6 exd6 13. Nf4 Bf7 14. e3
O-O-O 15. Bd3 $13) 11... Bf7 12. Nd3 h5 13. gxh5 ({Deserved some attention} 13.
h4 $5 O-O-O 14. O-O-O $13 {with complicated position in which white's chances
are definitly not worse.}) 13... Rxh5 14. e4 e5 15. Qxb6 axb6 16. Be2 $6 {
Permitting black to take on d4.} (16. dxe5 fxe5 17. Be2 Be7 18. f4 Rh7 19. Nxe5
Nxe5 20. fxe5 Nxe4 21. Nxe4 dxe4 22. a3 $11) 16... exd4 $1 17. cxd4 Nb5 {
[%csl Rd4]} 18. Bf2 Rh7 19. e5 Ra4 (19... Be7) 20. Bd1 (20. Nb3 fxe5 21. dxe5
g5 $15 {[%csl Re5][%cal Gf8g7,Gf7g6,Gh7e7]}) 20... Ra5 $5 ({Black refrains
from tempting} 20... Rxd4 $5 21. Bxd4 Nxd4 22. exf6 Nxf6 23. Nb3 Nf5 $15 {
with fantastic compensation for exchange.}) 21. Nb3 Ra8 22. a4 $6 {From now on
white's play is just weak. By pushing a-pawn he just cretaes weaknesses to
himself.} (22. Bc2 fxe5 23. dxe5 Rh3 24. Nd2 Bg6 $13) 22... Nc7 23. a5 $2 Ne6
$6 {Missing a chance to win the pawn by} (23... fxe5 $1 24. dxe5 bxa5 25. Rxa5
Rxa5 26. Nxa5 Nxe5 $1 27. Nxe5 Bb4+ $17) 24. axb6 Rxa1 25. Nxa1 Nxb6 $17 {
[%csl Rd4,Rh2] Even after black's inaccuracy white's in big troubles since his
pieces badly lack coordination.} 26. Nb3 $6 (26. b3 Nd7 27. Nc2 $2 Bg6 28. Be2
fxe5 29. dxe5 Nxe5 $19 {[%csl Rc2]}) 26... Nc4 27. exf6 gxf6 28. Nbc1 $6 {
Waste of time.} Bh6 {[%csl Rc1][%cal Gc4b2,Gc4e3]} 29. Nb3 Bg6 30. Be2 Ng5 $19
31. Nbc1 (31. Nbc5 Re7 32. Kd1 Nh3 33. Bg3 b6 34. Nb3 Bxd3 35. Bxd3 Nxb2+ $19)
31... Nh3 32. Bg3 Nxb2 33. Bf1 Re7+ 0-1

[Event "Stepanakert Petrosian Memorial"]
[Site "Stepanakert"]
[Date "2004.03.15"]
[Round "7"]
[White "Anastasian, Ashot"]
[Black "Ghaem Maghami, Ehsan"]
[Result "0-1"]
[WhiteElo "2587"]
[BlackElo "2549"]
[Annotator "Finkel,A"]
[PlyCount "88"]
[EventDate "2004.03.09"]
[EventType "tourn"]
[EventRounds "9"]
[EventCountry "ARM"]
[EventCategory "13"]
[SourceTitle "CBM 100"]
[Source "ChessBase"]
[SourceDate "2004.06.01"]
[SourceVersion "1"]
[SourceVersionDate "2004.06.01"]
[SourceQuality "1"]

1. d4 Nf6 2. Bg5 d5 3. e3 Ne4 4. Bf4 c5 5. c3 Nc6 6. Bd3 Nf6 7. Nd2 g6 8. Ngf3
Bg7 9. h3 O-O 10. O-O (10. dxc5 $6 Nd7 11. Be2 Nxc5 12. O-O e5 13. Bh2 a5 14.
Bb5 e4 15. Nd4 Ne5 $15 {Frometa,Z-Sakhatova,G/Tuzla 1987}) 10... Nd7 {[%cal
Ge7e5]} 11. Bb5 $5 {White chooses a quite radical way to prevent e5.} (11. Qa4
e5 12. dxe5 Ndxe5 13. Bb5 a6 14. Rad1 Bd7 15. Bxc6 Bxc6 16. Qc2 Nxf3+ 17. Nxf3
Qa5 $11 {Stranjakovitch,J-Manolov,I/Cannes 1990}) (11. Re1 e5 12. dxe5 Ndxe5
13. Nxe5 Nxe5 14. Be2 Be6 15. Nf3 f6 $11) 11... a6 (11... e5 $2 12. Bxc6 exf4
13. Bxd5 $16) 12. Bxc6 bxc6 13. b4 c4 $6 {White is doing very good after this
one, so it deserved attention to trade the pawns on the queenside.} (13... cxb4
14. cxb4 a5 15. Qc2 (15. bxa5 c5 16. dxc5 Nxc5 17. Be5 Ba6 18. Bxg7 Kxg7 19.
Re1 Nd3 20. Rf1 Qxa5 $15) 15... Ra6 16. a3 axb4 17. axb4 Rxa1 18. Rxa1 Qb6 $11)
14. e4 a5 15. a3 Re8 16. Re1 Bb7 17. h4 (17. Qe2 e5 $140 $6 18. dxe5 Nxe5 19.
Nxe5 Bxe5 20. Bxe5 Rxe5 21. f4 Re8 22. e5 $14 {[%cal Gd2f3,Gf3d4]}) 17... h6
18. e5 Nf8 19. Nf1 Bc8 20. Qd2 h5 (20... Kh7) 21. Bh6 Bf5 22. Ng3 Qd7 23. Bxg7
Kxg7 24. e6 $2 {This move was most definitly based on miscalculation,
otherwise I can't explain white's play.} (24. Qg5 Bg4 25. Nh2 Ne6 26. Qe3 $14)
24... Bxe6 25. Ne5 Qd6 26. Re3 f6 27. Nxh5+ gxh5 28. Rg3+ Bg4 $1 $19 (28... Kh7
29. Qe2 Kh6 30. Qe3+ Kh7 31. Qf3 Kh6 32. Qf4+ Kh7 33. Re1 $40) 29. f3 (29. Nxg4
hxg4 30. Rxg4+ Kh7 31. Qe3 Qe6 32. Qf3 axb4 33. cxb4 Ra7 $19) 29... fxe5 30.
fxg4 Nh7 {[%csl Gg5]} 31. gxh5+ Kh8 32. Rg6 e6 33. Qh6 Qf8 34. Qe3 $6 (34. Rf1
$8 Qxh6 35. Rxh6 Re7 36. dxe5 axb4 37. axb4 Ra3 $19) 34... Qf4 35. Qh3 exd4 36.
Re1 axb4 37. Rg4 Qh6 38. axb4 dxc3 39. Rf1 e5 40. Qxc3 d4 41. Qxc4 Rf8 42. Re1
Qxh5 43. Rge4 Rae8 44. Qc5 Rf5 0-1

[Event "EU-ch 1st"]
[Site "Saint Vincent"]
[Date "2000.07.06"]
[Round "4"]
[White "Rabinovich, Alexander"]
[Black "Sax, Gyula"]
[Result "1/2-1/2"]
[WhiteElo "2424"]
[BlackElo "2563"]
[Annotator "Finkel,A"]
[PlyCount "62"]
[EventDate "2000.07.03"]
[EventType "swiss"]
[EventRounds "11"]
[EventCountry "ITA"]
[SourceTitle "CBM 078"]
[Source "ChessBase"]
[SourceDate "2000.10.18"]
[SourceVersion "1"]
[SourceVersionDate "2000.10.18"]
[SourceQuality "1"]

1. d4 Nf6 2. Bg5 c5 3. d5 Ne4 4. Bf4 Qb6 5. Bc1 g6 6. f3 Nd6 $6 {Dubious
continuation,which is meant to complicate the position and to give white to
play regular kind of game.} (6... Nf6 7. Nh3 Bg7 8. e4 O-O 9. c4 e6 10. Nc3
exd5 11. cxd5 d6 12. Nf2 Nbd7 13. Be2 a6 14. O-O Rb8 15. a4 Ne8 {1/2-1/2
Hodgson,J-Marinkovic,I/Cacak 1996}) (6... Qa5+ 7. c3 Nd6 8. e4 f5 9. Bf4 Qb6
10. Qb3 Nf7 11. Na3 $14 {Allegro,V-Thiede,L/Bad Ragaz op 1995}) 7. a4 $5 (7.
Nc3 Bg7 8. e3 $6 O-O 9. Nh3 Nf5 10. g4 $2 Nxe3 11. Bxe3 Qxb2 $17 {Helbig,
U-Thiel,T/BL9798}) (7. e4 Bg7 8. Nc3 (8. c3 O-O 9. Na3 f5 10. exf5 Nxf5 11. Qb3
Qf6 12. Nh3 Kh8 13. Bg5 Qf7 $132 {Miltner,A-Lanka,Z/BL9697}) 8... O-O 9. Nge2
f5 10. Ng3 e6 11. a4 c4 12. a5 Qc5 $13 {Summerscale,A-Benitah,Y/FRA-chT 1996})
7... c4 $6 {[%csl Rc4] Now the pawn sooner or later will be lost and the big
question is wether black will manage to create counterplay.} (7... f5 $5) 8. e4
Bg7 9. c3 O-O 10. Na3 f5 (10... Qc5 11. Qe2 $16 {[%csl Rc4]}) 11. exf5 (11.
Nxc4 Nxc4 12. Bxc4 fxe4 $13) 11... Nxf5 12. Nxc4 Qc5 13. g4 $1 $16 Nd6 (13...
Nh4 14. Be3 Ng2+ {[%csl Rc4]} 15. Bxg2 Qxc4 16. f4 $16 {[%cal Gg1f3,Gd1e2]})
14. Be3 Qc7 15. Nxd6 Qxd6 16. Nh3 $1 (16. Bc4 $6 b6 17. Qd2 Ba6 18. Bxa6 Nxa6
19. f4 Nc5 $132) 16... b6 17. Nf2 Bb7 18. Bc4 Qf6 19. O-O $6 {So far white has
played accurately and it seems that black doesn't have any compensation for
the pawn,but with his last move white loses a major part of his advantage and
black gets good chanses to save the game.} (19. f4 $1 e5 20. Ne4 Qh4+ 21. Bf2
Qh3 (21... Qd8 22. fxe5 Bxe5 23. Qd3 $16) 22. Bf1 Qh6 23. g5 Qh5 24. Qxh5 gxh5
25. Nf6+ Bxf6 26. gxf6 $16) 19... Qxf3 20. Qxf3 Rxf3 21. Bg5 Ba6 $6 (21... Rf7
22. Ne4 Ba6 23. Rxf7 Kxf7 24. Rf1+ Ke8 25. Re1 $1 {[%cal Ge4d6,Ge1e8]} Be5 26.
Bb3 $14 {[%csl Ra8,Rb8]}) 22. Bxa6 Nxa6 23. Bxe7 Re8 24. Rfe1 Bf8 (24... Nc7
25. Rad1 Rf7 26. d6 Ne6 27. Nd3 $16) 25. Bh4 Rfe3 26. Rxe3 Rxe3 27. Kf1 Nc5 28.
Bg3 Nb3 29. Rd1 Nc5 30. Rd4 Nb3 31. Rd3 Re8 $14 {[%csl Ra4]} 1/2-1/2